Score 0/300 Timer 20:00
1 Play Today
Rank Name % Correct
11John
95%
1Michael
92.2%
9James
90.5%
16William
89.7%
6David
89.6%
10Robert
87.7%
23Thomas
87.4%
3Matthew
87.2%
46Paul
86.9%
39Mark
86.8%
2Christopher
86.7%
8Daniel
86.5%
64Peter
85.8%
49Jose
85.6%
189Jon
84.9%
171Jack
83.7%
5Andrew
83.6%
248Steve
83.6%
32Richard
83.3%
78George
83.3%
12Joseph
82.7%
40Stephen
82.4%
138Andre
82.2%
58Alex
82%
37Charles
81.6%
24Steven
81.1%
99Frank
80.2%
22Brian
79.9%
187Joe
79.8%
19Kevin
79.2%
34Alexander
79.2%
45Samuel
78.7%
62Edward
78.5%
30Benjamin
78.4%
26Adam
77.6%
18Anthony
77.4%
25Timothy
76.7%
140Henry
76.7%
119Luke
76.6%
15Jonathan
76.4%
29Jacob
75.8%
14Nicholas
75.1%
27Jason
74.9%
13Ryan
74.8%
4Joshua
74.6%
44Nathan
74.4%
20Eric
74.3%
149Marc
73.4%
126Carl
73.4%
278Brad
72.7%
38Sean
72.6%
75Donald
72.2%
31Aaron
72.1%
50Gregory
72%
42Patrick
71.8%
28Zachary
71.3%
7Justin
71.2%
54Bryan
70.4%
21Kyle
69.2%
79Ronald
68.7%
185Billy
68.4%
66Marcus
68.4%
17Brandon
67.9%
162Jimmy
67.7%
110Alan
67.6%
57Bradley
67%
113Lucas
66.6%
89Victor
66.4%
61Shawn
65.9%
33Tyler
65.7%
51Kenneth
65.3%
36Jeffrey
65.3%
77Ian
65.2%
250Tommy
65.2%
165Jake
65.1%
71Phillip
65%
163Bobby
65%
82Vincent
64.8%
86Christian
64.2%
35Jeremy
64.1%
47Scott
63.8%
118Martin
63.4%
100Gary
63.1%
52Jordan
62.9%
123Larry
62.7%
94Philip
62.7%
134Allen
62.5%
277Andy
62.5%
145Danny
62.3%
263Ethan
62.2%
74Evan
62.1%
129Johnny
61.7%
81Nathaniel
61.6%
219Frederick
61.6%
290Harold
60.7%
133Tony
60.5%
166Louis
59.4%
143Isaac
59.3%
70Keith
59.2%
247Francis
58.6%
Rank Name % Correct
130Jerry
58.2%
150Lawrence
58%
68Juan
57.8%
258Leonard
57.8%
153Albert
57.6%
53Derek
57.3%
93Erik
57%
91Taylor
56.2%
84Raymond
56%
80Carlos
55.8%
182Arthur
55.8%
104Jesus
55.4%
199Jay
55.4%
188Jamie
54.9%
230Noah
54.8%
174Walter
54.2%
222Eddie
54.1%
137Dylan
53.4%
211Theodore
53%
116Dennis
52.9%
69Cameron
52.7%
148Ricky
52.4%
198Max
52%
95Mitchell
52%
295Connor
51.9%
55Jesse
51.5%
63Austin
51.5%
155Brendan
51%
194Gerald
50.9%
205Bruce
50.9%
97Craig
50.3%
73Brett
50.2%
161Oscar
49.3%
141Terry
49.2%
67Shane
49.2%
72Antonio
49.1%
159Drew
48.7%
88Douglas
48.6%
87Trevor
48.3%
56Corey
48.2%
136Jeremiah
48.2%
209Wayne
48.1%
107Brent
48%
131Colin
47.8%
96Derrick
47.7%
180Roger
47.5%
271Dean
47.4%
112Randy
47.4%
214Xavier
47.3%
65Chad
47.2%
169Shaun
47.1%
59Cory
46.8%
120Jeffery
46.8%
167Julian
46.6%
90Seth
46.6%
43Cody
46.6%
41Travis
46.6%
108Caleb
46.4%
172Grant
46.2%
280Franklin
46%
266Elijah
45.8%
60Jared
45.8%
236Mason
45.8%
102Gabriel
45.5%
85Joel
45.4%
213Geoffrey
45.3%
157Lee
45.2%
115Johnathan
45%
48Dustin
44.9%
103Blake
44.8%
177Darren
44.3%
203Ivan
44.2%
109Logan
44%
152Calvin
43.9%
283Stanley
43.8%
274Karl
43.7%
183Edwin
43.6%
243Isaiah
43.6%
260Cole
43.3%
191Willie
43.2%
127Chase
43.1%
111Miguel
42.7%
245Abraham
42.5%
128Russell
42.3%
221Marvin
42.3%
92Wesley
42.2%
105Curtis
42.1%
101Adrian
42%
168Roberto
41.2%
154Randall
40.9%
240Neil
40.8%
220Roy
40.6%
244Hunter
40.4%
217Maxwell
40.2%
98Devin
39.3%
76Luis
39.2%
135Todd
39.1%
253Trent
39%
233Kurt
38.8%
121Ricardo
38.8%
Rank Name % Correct
272Collin
38.7%
117Garrett
38.3%
179Bryce
38.3%
122Jorge
38.3%
139Manuel
38.2%
156Micheal
37.8%
124Troy
37.6%
158Ross
37.1%
125Jonathon
37%
254Glenn
36.7%
151Angel
36.6%
106Mario
36.6%
173Edgar
36.2%
144Kristopher
36.1%
227Jessie
35.9%
195Dominic
35.8%
190Devon
35.7%
262Melvin
35.3%
238Ronnie
35.2%
147Lance
35.2%
281Morgan
35.1%
252Erick
35%
218Nicolas
34.9%
210Terrence
34.7%
246Brady
34.5%
176Alejandro
34.4%
83Casey
34.2%
142Mathew
34.1%
293Dillon
33.8%
267Dale
33.6%
265Miles
33.4%
257Eugene
33%
229Marco
32.8%
204Pedro
32.6%
228Darryl
32.5%
208Jaime
32.1%
282Dwayne
31.7%
201Preston
31.4%
197Eduardo
31.4%
146Clayton
31.4%
268Colton
31.3%
114Spencer
30.9%
288Tristan
30.7%
224Micah
30.7%
160Rodney
30.4%
181Javier
30.4%
239Ernest
30.2%
223Jerome
29.8%
275Marshall
29.5%
226Alberto
29.3%
216Darrell
29.2%
264Johnathon
28.9%
297Quentin
28.9%
175Levi
28.3%
235Julio
28.2%
132Francisco
28.2%
193Omar
27.8%
202Reginald
27.7%
192Terrance
27.6%
196Clinton
27.6%
289Kirk
27%
251Tyson
26.8%
261Branden
26.6%
215Andres
26.4%
186Maurice
26.4%
298Clifford
26.2%
259Tanner
26.2%
207Emmanuel
25.8%
200Fernando
25.7%
300Nelson
25.6%
296Wade
25.3%
170Hector
25.2%
231Byron
24.9%
299Dane
24.8%
291Kelvin
24.3%
255Colby
24.2%
225Tyrone
23.9%
284Trenton
23.1%
285Nickolas
23.1%
287Alfredo
22.5%
270Zachery
21.8%
164Bryant
21.5%
212Raul
20.9%
279Jarrod
20.9%
242Ramon
20.7%
286Arturo
19.8%
206Rafael
18.7%
178Ruben
18.2%
269Orlando
18%
249Darius
17.6%
241Armando
16.9%
184Sergio
16.8%
237Jamal
15.8%
294Jermaine
15.3%
273Courtney
13.6%
256Terrell
13.3%
232Cesar
12.7%
234Dominique
12.6%
276Gerardo
11.4%
292Demetrius
10.7%
Remove Ads.
Support Sporcle.
Get the best of Sporcle when you Go Orange. This ad-free experience offers more features, more stats, and more fun while also helping to support Sporcle. Thank you for becoming a member.

You're not logged in!

Compare scores with friends on all Sporcle quizzes.
OR
Log In

Show Comments

Extras

Top Quizzes Today


Score Distribution

Your Account Isn't Verified!

In order to create a playlist on Sporcle, you need to verify the email address you used during registration. Go to your Sporcle Settings to finish the process.

Report this User

Report this user for behavior that violates our Community Guidelines.

Details: